Mis cuentos

Gespeichert in:
Bibliographische Detailangaben
1. Verfasser: Alvarez de Cánovas, Josefina .
Weitere Verfasser: Mairata
Format: Buch
Sprache:Spanisch
Erschienen: Madrid : Magisterio Español, [1947]
Ausgabe:2ª ed.
Katalog:MANES:  Suchergebnis im Bibliothekskatalog
Schulbuchspezifische Eigenschaften:
Schriftenreihe:Niños de España
Tags: Tag hinzufügen
Keine Tags, Fügen Sie den ersten Tag hinzu!
Hinzugefügt zu:15.06.1999
Geändert in:07.05.2025

MARC

LEADER 00000cam a2200000 i 4500
005 20250507134500.0
008 990616s1947 espa f 000 0 spa d
040 |a uned  |b spa  |c entro-manes 
100 1 |a Alvarez de Cánovas, Josefina .  |9 25151 
245 1 0 |a Mis cuentos /   |c Josefina Álvarez de Cánovas ; Ilustraciones Mairata 
250 |a 2ª ed. 
260 |a Madrid :   |b Magisterio Español,   |c [1947] 
300 |a 97 p. :   |b il. 
490 0 |a Niños de España 
546 |a España 
561 |5 es-BUNED  |3 L.T. 3960  |a España. Fondo Manes UNED  |k MANES 
690 0 |a LEN 
700 0 |a Mairata  |9 39162 
942 |2 ddc  |c BK 
999 |c 95484  |d 95484 
999 |c manes:95484  |d 95484